RICS responds to the call for evidence on improving the curriculum and assessment system (Record no. 122072)

MARC details
000 -LEADER
fixed length control field 01095nam a22001937a 4500
008 - FIXED-LENGTH DATA ELEMENTS--GENERAL INFORMATION
fixed length control field 241210e20241209xxk|||||o|||| 00| 0 eng d
041 ## - LANGUAGE CODE
Language code of text/sound track or separate title eng
110 ## - MAIN ENTRY--CORPORATE NAME
Corporate author Royal Institution of Chartered Surveyors
245 ## - TITLE STATEMENT
Title RICS responds to the call for evidence on improving the curriculum and assessment system
260 ## - PUBLICATION INFORMATION
Place of publication London,
Publisher Royal Institution of Chartered Surveyors,
Date 9 December 2024
490 ## - SERIES TITLE
Series statement RICS Press Release
520 ## - ABSTRACT
Abstract The Royal Institution of Chartered Surveyors (RICS) is pleased to respond to this consultation by the Department for Education. Recommendation 1: Introducing an English Built Environment GCSE; Recommendation 2: Embedding the Built Environment into the existing curriculum; Recommendation 3: Strengthening T-Levels; Recommendation 4: Enhancing industry engagement
650 ## - KEYWORDS
Keywords EDUCATION
651 ## - SUBJECT ADDED ENTRY--GEOGRAPHIC NAME
Geographic name United Kingdom
690 ## - BROAD SUBJECT
Broad subject RICS
9 (RLIN) 6277
710 ## - ADDED CORPORATE NAME
Added corporate author Royal Institution of Chartered Surveyors
856 ## - ONLINE RESOURCE
Uniform Resource Identifier <a href="https://www.rics.org/news-insights/rics-responds-call-evidence-improving-curriculum-assessment-system">https://www.rics.org/news-insights/rics-responds-call-evidence-improving-curriculum-assessment-system</a>
Public note Available free on RICS.org
942 ## - ADDED ENTRY ELEMENTS (KOHA)
Suppress in OPAC Do not suppress in OPAC
Holdings
Lost status Damaged status Not for loan Current library Shelving location Date acquired Total Checkouts Full call number Date last seen Price effective from Koha item type
      Virtual Online 10/12/2024   PRESS RELEASE 10/12/2024 10/12/2024 News article